Racionalizácia v cestnej doprave zborník prednášok. RaDS š.p. Ostrava, Rožnov pod Radhoštěm 21.-23.11.1989

Guardado en:
Detalles Bibliográficos
Formato: Libro
Lenguaje:eslovaco
Publicado: Žilina Dom techn. ČSVTS 1989
Edición:1. vyd.
Etiquetas: Agregar Etiqueta
Sin Etiquetas, Sea el primero en etiquetar este registro!

MARC

LEADER 00000nam a2200000 4500
001 c031113
005 20221215071343.9
041 0 |a slo 
044 |a SK 
245 1 0 |a Racionalizácia v cestnej doprave  |b zborník prednášok. RaDS š.p. Ostrava, Rožnov pod Radhoštěm 21.-23.11.1989 
250 |a 1. vyd. 
264 1 |a Žilina  |b Dom techn. ČSVTS  |c 1989 
300 |a 234 s.